| 000 | 00463nam a22001697a 4500 | ||
|---|---|---|---|
| 003 | CEME | ||
| 005 | 20210628203530.0 | ||
| 008 | 210119b xxu||||| |||| 00| 0 eng d | ||
| 040 | _c. | ||
| 082 | _a297.63 TAH | ||
| 100 |
_aTahir, Qaum Tahir _966073 |
||
| 245 | _aJashan-e- milad-e- muhammad (pbuh) hay manoo logo | ||
| 260 |
_aAZAD KASMEER _bARSHAD _c2008 |
||
| 300 | _a195P | ||
| 650 |
_aISLAM-BIOGRAPHY-PROPHET MUHAMMAD.ISLAM-NAAT _966074 |
||
| 942 |
_cBK _2ddc |
||
| 999 |
_c574108 _d574108 |
||